000
00308nam a22001217a 4500
008
170925b xxu||||| |||| 00| 0 eng d
041
_a
eng
080
_a
37
100
_a
46
101
_a
EDU
245
_a
KEY RESOURCES ON TEACHING LEARNING CURRICUM AND DEVELOPMENT
_c
MENGES.R.J
942
_2
udc
_c
BK
999
_c
29477
_d
29477